The Czech Republic by Picture #2 - Statistics

General Stats
  • This quiz has been taken 43 times
  • The average score is 12 of 16
Answer Stats
Picture Hint Answer % Correct
Beer brand Pilsner (Plzeň)
95%
Major river Vltava
95%
Popular food Fried cheese
92%
Historical entity Czechoslovakia
89%
Linguistic group Slavic
89%
Historical figure Václav Havel
89%
Historical region Moravia
84%
Major square in Prague Old Town Square
84%
Major city Brno
76%
Significant archaeological find Venus of Dolní Věstonice
76%
Famous author Franz Kafka
68%
Reintroduced animal European bison
62%
Historical region Silesia
59%
Pre-protestant religious conflict Hussite Wars
38%
Prominent political party ČSSD
32%
Famous composer Leoš Janáček
27%
No matching quizzes found
Score Distribution
Percent of People with Each Score
Percentile by Number Answered
Your Score History
You have not taken this quiz